000 00420nam a2200169Ia 4500
005 20250423100417.0
008 250422s9999 xx 000 0 und d
020 _a0136375618
050 _aHD 30 .25. M25/
100 _aMcClain, John O.
245 0 _aOperations management: strategy and analysis
260 _bPrentice- Hall
260 _c1980
300 _a706 p
650 _aOperations research
942 _cBK
999 _c33217
_d33217